|
|
|
|
| LEADER |
00000nam0a2200000 4500 |
| 001 |
262678 |
| 005 |
20231101233656.0 |
| 010 |
|
|
|a 5250000983
|
| 035 |
|
|
|a (RuTPU)RU\TPU\book\285661
|
| 090 |
|
|
|a 262678
|
| 100 |
|
|
|a 20140603d1988 k y0rusy50 ca
|
| 101 |
0 |
|
|a rus
|
| 102 |
|
|
|a RU
|
| 105 |
|
|
|a y z 000zy
|
| 200 |
1 |
|
|a Устная коммунистическая пропаганда
|f П. В. Поздняков
|
| 210 |
|
|
|a Москва
|c Политиздат
|d 1988
|
| 215 |
|
|
|a 256 с.
|
| 606 |
1 |
|
|a Партийная пропаганда
|2 stltpush
|3 (RuTPU)RU\TPU\subj\48329
|9 67203
|
| 610 |
1 |
|
|a устная пропаганда
|
| 610 |
1 |
|
|a коммунистическая пропаганда
|
| 610 |
1 |
|
|a объекты
|
| 610 |
1 |
|
|a субъекты
|
| 610 |
1 |
|
|a функции
|
| 610 |
1 |
|
|a принципы
|
| 610 |
1 |
|
|a эффективность
|
| 686 |
|
|
|a Ф61(2)51
|v LBC/SL-A
|2 rubbk
|
| 700 |
|
1 |
|a Поздняков
|b П. В.
|g Петр Владимирович
|
| 801 |
|
1 |
|a RU
|b 63413507
|c 20140603
|
| 801 |
|
2 |
|a RU
|b 63413507
|c 20150331
|g RCR
|
| 942 |
|
|
|c BK
|